[Event "Auckland Summer Cup-C2"]
[Site "Auckland"]
[Date "2017.03.13"]
[Round "5"]
[White "Mcougall, Euan"]
[Black "Peak, Stephen"]
[Result "1/2-1/2"]
[WhiteElo "1333"]
[BlackElo "1826"]
[PlyCount "110"]
[EventDate "2017.02.13"]
[EventType "tourn"]
[EventRounds "7"]
[EventCountry "NZL"]
[SourceTitle "EXT 2018"]
[Source "ChessBase"]
[SourceDate "2017.10.13"]
[SourceVersion "1"]
[SourceVersionDate "2017.10.13"]
[SourceQuality "1"]

1. e4 e5 2. Nf3 Nc6 3. Bb5 a6 4. Ba4 Nf6 5. d3 b5 6. Bb3 Be7 7. Bg5 0-0 8. Nbd2 d6 9. 0-0 Na5 10. Qe2 Nxb3 11. axb3 Be6 12. d4 exd4 13. Nxd4 Bd7 14. Ra2 c5 15. Nf5 Bxf5 16. exf5 h6 17. Bh4 Re8 18. Rfa1 Nd5 19. Bxe7 Rxe7 20. Qf3 Nb4 21. Ra5 Nxc2 22. Rxa6 Re1+ 23. Rxe1 Rxa6 24. Qb7 Rb6 25. Qe7 Qxe7 26. Rxe7 Nd4 27. Ra7 Nxf5 28. Nf3 Kf8 29. Kf1 Rb8 30. Ke2 Re8+ 31. Kd2 g6 32. b4 cxb4 33. Rb7 Re4 34. Rxb5 Nh4 35. Kd3 Rf4 36. Nxh4 Rxh4 37. h3 Ke7 38. b3 f5 39. Ke3 Ke6 40. f4 g5 41. Rxb4 g4 42. hxg4 Rxg4 43. Kf3 Rg8 44. Rb7 Rc8 45. b4 Rc3+ 46. Kf2 Rb3 47. b5 Kd5 48. b6 Kc6 49. Rf7 Kxb6 50. Rxf5 Rb5 51. Rxb5+ Kxb5 52. Ke3 Kc6 53. g3 Kd5 54. Kd3 Ke6 55. Ke4 d5+ 1/2-1/2